OPAC Home

සිංහල මිත්‍රයා 1913 වර්ෂය ජූලි මාසය (Record no. 226576)

MARC details
000 -LEADER
fixed length control field 00868nam a22002297a 4500
003 - CONTROL NUMBER IDENTIFIER
control field LK-CoDNM
005 - DATE AND TIME OF LATEST TRANSACTION
control field 20241105100557.0
008 - FIXED-LENGTH DATA ELEMENTS--GENERAL INFORMATION
fixed length control field 241105b |||||||| |||| 00| 0 eng d
040 ## - CATALOGING SOURCE
Original cataloging agency LK-CoDNM
Modifying agency LK-CoDNM
Description conventions LK-CoDNM
041 ## - LANGUAGE CODE
Language code of text/sound track or separate title Sinhala; Sinhalese
080 ## - UNIVERSAL DECIMAL CLASSIFICATION NUMBER
Universal Decimal Classification number ප්‍ර.ස
Item number 94.1
942 ## - ADDED ENTRY ELEMENTS (KOHA)
Koha item type Books
100 ## - MAIN ENTRY--PERSONAL NAME
Personal name විජයවර්‍ධන,අභයකෝන්,ඩී.පී.ඇෆ්ප්
245 ## - TITLE STATEMENT
Title සිංහල මිත්‍රයා 1913 වර්ෂය ජූලි මාසය
Remainder of title 2වන කාණ්ඩය 2වන කලාපය
250 ## - EDITION STATEMENT
Edition statement 2වන කලාපය
260 ## - PUBLICATION, DISTRIBUTION, ETC. (IMPRINT)
Place of publication, distribution, etc. හොරණ
Date of publication, distribution, etc. 1913
300 ## - PHYSICAL DESCRIPTION
Extent 26cm
490 ## - SERIES STATEMENT
Volume/sequential designation 2වන කාණ්ඩය
650 ## - SUBJECT ADDED ENTRY--TOPICAL TERM
Topical term or geographic name as entry element 94.1
650 ## - SUBJECT ADDED ENTRY--TOPICAL TERM
Topical term or geographic name as entry element විජයවර්‍ධන,අභයකෝන්,ඩී.පී.ඇෆ්ප්
650 ## - SUBJECT ADDED ENTRY--TOPICAL TERM
Topical term or geographic name as entry element සිංහල මිත්‍රයා
Holdings
Withdrawn status Lost status Damaged status Not for loan Collection code Permanent Location Current Location Shelving location Date acquired Full call number Barcode Koha item type
    Damaged   Old Books Collection Library National Museum Colombo - Sri Lanka Library National Museum Colombo - Sri Lanka Reference 2024-11-05 ප්‍ර.ස 94.1 OJP4884-2 Books
Copyright © 2023 Department of National Museum, Colombo 07, Sri Lanka Funded by UNESCO IFAP UNESCO